| 000 | 00553nam a2200169Ia 4500 | ||
|---|---|---|---|
| 003 | OSt | ||
| 005 | 20250805111521.0 | ||
| 040 | _cLC | ||
| 050 |
_aRES HD 39.5 .0353 2017 _b1 |
||
| 100 | _aOGACHI, ANNAH KWAMBOKA | ||
| 245 | 3 | _aAN ASSESSEMENTOF THE EFFECTS OF AUTOMATION ON EFFECTIVENESS OF PROCUREMENT DEPARTMENT: A CASE OF ITUMBE TEA FACTORY | |
| 260 |
_aKISII UNIVERSITY PRESS, _bKISII UNIVERSITY PRESS, _c2017, |
||
| 300 | _aX, 33 P, | ||
| 500 | _aINCLUDES BIBLIOGRAPHICAL REFERENCES | ||
| 690 | _aAUTOMATION, PROCUREMENT | ||
| 942 |
_cBK _2ddc _n0 |
||
| 999 |
_c198534 _d198534 |
||